000 00834nam a2200217Ia 4500
999 _c36337
_d36337
001 2245
003 GE_BSU
005 20221021125520.0
008 181216s1983ru xx |||||||||||||| ||rus||
040 _cGE_BSU
041 _arus
080 _a913(479.22) Р-325
245 _aРегиональная География. I . Recional Geografy /
_cРед. Р.И. Кверечхиладзе
264 _aТбилиси :
_bМецниереба,
_c1983.
300 _a174 ст.:
_b20 см.
653 _aРегиональная Гуография
653 _aრეგიონალური გოგრაფია
700 _aКверечхиладзе, Р.И.
_eრედაქტორი
_915446
710 _aАнтрузинской ССР Ин ут Географии им. Вахушти
_915447
942 _cBK
_2udc